000 00412nam a2200181Ia 4500
001 16719
005 20260306170331.0
008 260306t2013||||xx |||||||||||||| ||und||
041 _aESP
082 _a349.7
_bP24
100 _aPaolis, Velasio de
_eAUT
245 0 _aNormas generales
260 _c2013
300 _a520 páginas :
_c21 cm.
650 _aGEN
654 _aCDE
942 _cLIB
_dJUS
_fJUS
_2ddc
_n
999 _c16719
_d16719